000 00267nam a22001217a 4500
041 _aENG
100 _aChitale.S.G
245 _aA New Approach To Mathematics And Statistics
260 _aBombay
_bNeelkanth Pub
_c1985
300 _a280
650 _a48
856 _u48
999 _c3113
_d3113